LIBRARY & INFORMATION CENTRE, KCAET, TAVANUR

ONLINE PUBLIC ACCESS CATALOGUE (OPAC)

Normal view MARC view
  • Murugaiyan, T.

Entry Personal Name

Number of records used in: 1

001 - CONTROL NUMBER

  • control field: 1641

003 - CONTROL NUMBER IDENTIFIER

  • control field: OSt

005 - DATE AND TIME OF LATEST TRANSACTION

  • control field: 20161006110520.0

008 - FIXED-LENGTH DATA ELEMENTS

  • fixed length control field: 161006|| aca||aabn | a|a d

040 ## - CATALOGING SOURCE

  • Original cataloging agency: OSt
  • Transcribing agency: OSt

100 ## - HEADING--PERSONAL NAME

  • Personal name: Murugaiyan, T.

670 ## - SOURCE DATA FOUND

  • Source citation: Work cat.: (OSt)7657: Govinda Rajan, S R. 1640, Practical Physics / , 1959.
free website counter